Surfing Beaches in Santa Cruz : Ranked - Statistics

General Stats
  • This quiz has been taken 6 times
  • The average score is 5 of 9
Answer Stats
Beach % Correct
Pleasure Point
100%
Steamer Lane
75%
Capitola
50%
Cowells
50%
Jacks
50%
Manresa
50%
26th Ave
25%
Natural Bridges
25%
Privates
25%
No matching quizzes found
Score Distribution
Percent of People with Each Score
Percentile by Number Answered
Your Score History
You have not taken this quiz